75 personnages dans les 100 (série) - Statistiques

Statistiques générales
  • Ce quiz a été pris 505 fois
  • Le résultat moyen est 35 sur 75
Statistiques - réponses
Personnages Saisons % Correct
Bellamy Blake 1 2 3 4 5 6
98%
Octavia Blake 1 2 3 4 5 6
97%
Clarke Griffin 1 2 3 4 5 6
96%
Abigail Griffin 1 2 3 4 5 6
88%
Jasper Jordan 1 2 3 4
88%
Raven Reyes 1 2 3 4 5 6
87%
Jonathan Murphy 1 2 3 4 5 6
86%
Lexa 2 3
84%
Monty Green 1 2 3 4 5 6
84%
Finn Collins 1 2 3
81%
Lincoln 1 2 3 4
81%
Thelonious Jaha 1 2 3 4 5
78%
Madi Griffin 4 5 6
77%
Marcus Kane 1 2 3 4 5 6
77%
Wells Jaha 1 2 3 4
77%
Indra 2 3 4 5 6
73%
Emori 2 3 4 5 6
71%
Echo 2 3 4 5 6
70%
Harper McIntyre 1 2 3 4 5
70%
Roan 3 4
62%
Jordan Green 5 6
61%
Nathan Miller 1 2 3 4 5 6
61%
Maya Vie 2
60%
Gaia 4 5 6
59%
Hope Diyoza 6
59%
Joséphine Lightbourne 6
55%
ALIE 2 3 4
54%
Luna 3 4
54%
Charmaine Diyoza 5 6
53%
Eric Jackson 1 2 3 4 5 6
53%
David Miller 2 3 4
52%
Gabriel Santiago 6
51%
Charlotte 1
50%
Russel Lightbourne 6
49%
Charles Pike 3 4
48%
Titus 3
47%
Jake Griffin 1 6
45%
Ontari 3
44%
Anya 1 2
43%
Cage Wallace 2
43%
Becca 3 4 5
41%
Dante Wallace 2
40%
Niylah 3 4 5 6
40%
Atom 1
38%
Miles Shaw 5 6
37%
Simone Lightbourne 6
36%
Hannah Green 3
34%
Nyko 2 3 4
34%
Jacapo Sinclair 1 2 3 4
33%
Ilian 4
29%
Carl Emerson 2 3
28%
Nia 3
28%
Zoe Monroe 1 2 3
27%
Paxton McCleary 5
26%
Vincent Vie 2
24%
Aden 3
23%
Kyle Wick 1 2
21%
Bryan 3 4
20%
Diana Sydney 1 6
20%
Kara Cooper 5
19%
Callie Cartwig 1
18%
Jade 6
18%
Delilah Workman 6
17%
Rose 6
17%
Ryker Desai 6
17%
Michael Vinson 5
16%
Priya Desai 6
16%
Ethan Hardy 4 5
15%
Lorelei Tsing 2
15%
Riley 4
13%
Shumway 1
10%
Sterling 1 2
9%
Macallan 3
8%
Byrne 2
7%
Miranda Mason 6
6%
Aucun quiz correspondant
Distribution des résultats
% des personnes avec chaque résultat
Percentile par nombre de réponses
Votre historique - résultats
Vous n’avez pas pris ce quiz